Счастье творческих побед: очерки о героях труда
| Other Authors: | |
|---|---|
| Language: | Russian |
| Published: |
Москва, Политиздат, 1979
|
| Subjects: |
Келдыш
> М. В.
> математик и механик
> 1911-1978
> Мстислав Всеволодович
> академик АН СССР, Герой Социалистического Труда
Зельдович
> Яков Борисович
> российский физик, физикохимик и астрофизик
> академик АН СССР
> 1914-1987
> Я. Б.
Королев
> С. П.
> российский конструктор ракетно-космических систем
> Герой Социалистического труда
> 1906/1907-1966
> Сергей Павлович
|
| Format: | Book |
| KOHA link: | https://koha.lib.tpu.ru/cgi-bin/koha/opac-detail.pl?biblionumber=378927 |
MARC
| LEADER | 00000nam0a2200000 4500 | ||
|---|---|---|---|
| 001 | 378927 | ||
| 005 | 20231102013039.0 | ||
| 035 | |a (RuTPU)RU\TPU\retro\36388 | ||
| 090 | |a 378927 | ||
| 100 | |a 20230621d1979 m y0rusy50 ca | ||
| 101 | 0 | |a rus | |
| 102 | |a RU | ||
| 105 | |a a z 000zd | ||
| 200 | 1 | |a Счастье творческих побед |e очерки о героях труда |f ред.-сост. А. М. Синицын | |
| 210 | |a Москва |c Политиздат |d 1979 | ||
| 215 | |a 359 с. |c ил. | ||
| 600 | 1 | |a Келдыш |b М. В. |c математик и механик |f 1911-1978 |g Мстислав Всеволодович |c академик АН СССР, Герой Социалистического Труда |2 stltpush |3 (RuTPU)RU\TPU\pers\6060 | |
| 600 | 1 | |a Виноградов |b И. М. |c российский математик |f 1891-1983 |g Иван Матвеевич |2 stltpush |3 (RuTPU)RU\TPU\pers\9717 |9 1954 | |
| 600 | 1 | |a Зельдович |g Яков Борисович |c российский физик, физикохимик и астрофизик |c академик АН СССР |f 1914-1987 |b Я. Б. |2 stltpush |3 (RuTPU)RU\TPU\pers\1085 | |
| 600 | 1 | |a Капица |g Петр Леонидович |c российский физик |f 1894-1984 |b П. Л. |c нобелевский лауреат |2 stltpush |3 (RuTPU)RU\TPU\pers\1097 | |
| 600 | 1 | |a Королев |b С. П. |c российский конструктор ракетно-космических систем |c Герой Социалистического труда |f 1906/1907-1966 |g Сергей Павлович |2 stltpush |3 (RuTPU)RU\TPU\pers\13510 |9 4159 | |
| 600 | 1 | |a Курчатов |g Игорь Васильевич |b И. В. |c российский физик |c академик АН СССР |f 1902/1903-1960 |2 stltpush |3 (RuTPU)RU\TPU\pers\1083 | |
| 600 | 1 | |a Лукьяненко |b П. П. |c российский селекционер |c академик АН СССР (1964) |f 1901-1973 |g Павел Пантелеймонович |2 stltpush |3 (RuTPU)RU\TPU\pers\15113 |9 5202 | |
| 600 | 1 | |a Пустовойт |b В. С. |c российский селекционер |f 1886-1972 |g Василий Степанович |2 stltpush |3 (RuTPU)RU\TPU\pers\15044 |9 5146 | |
| 600 | 1 | |a Туполев |b А. Н. |c российский авиаконструктор |c академик АН СССР |f 1888-1972 |g Андрей Николаевич |2 stltpush |3 (RuTPU)RU\TPU\pers\13126 |9 3810 | |
| 606 | 1 | |a Герои Социалистического Труда |2 stltpush |3 (RuTPU)RU\TPU\subj\36040 |9 57563 | |
| 610 | 1 | |a трудовая деятельность | |
| 610 | 1 | |a передовой опыт | |
| 610 | 1 | |a биографии | |
| 610 | 1 | |a кадры | |
| 610 | 1 | |a новаторы | |
| 610 | 1 | |a трудящиеся | |
| 686 | |a У9(2)243.5 |v LBC/SL-A |2 rubbk | ||
| 702 | 1 | |a Синицын |b А. М. |4 340 |4 220 | |
| 801 | 1 | |a RU |b 63413507 |c 20230621 | |
| 942 | |c BK | ||